Catálogo público

The identification of fungi: an illustrated introduction with keys, glossary, and guide to literature / Frank M. Dugan (Record no. 217284)

MARC details
000 -CABECERA
campo de control de longitud fija 00772nam a2200229Ia 4500
001 - NÚMERO DE CONTROL
campo de control Para_10483
008 - DATOS DE LONGITUD FIJA--INFORMACIÓN GENERAL
campo de control de longitud fija 220602s9999 xx 000 0 und d
020 ## - NÚMERO INTERNACIONAL ESTÁNDAR DEL LIBRO
Número Internacional Estándar del Libro 0-89054-336-4
082 ## - NÚMERO DE LA CLASIFICACIÓN DECIMAL DEWEY
Número de clasificación PA 632.3 D84 2015
100 ## - ENTRADA PRINCIPAL--NOMBRE DE PERSONA
Nombre de persona Dugan, Frank M.
9 (RLIN) 174989
245 ## - MENCIÓN DE TÍTULO
Título The identification of fungi: an illustrated introduction with keys, glossary, and guide to literature / Frank M. Dugan
250 ## - MENCIÓN DE EDICIÓN
Mención de edición 4
260 ## - PUBLICACIÓN, DISTRIBUCIÓN, ETC.
Lugar de publicación, distribución, etc. Estados Unidos de América : The American Phytopathological Society
300 ## - DESCRIPCIÓN FÍSICA
Extensión 176 p.
500 ## - NOTA GENERAL
Nota general Incluye referencias bibliográficas
650 ## - PUNTO DE ACCESO ADICIONAL DE MATERIA--TÉRMINO DE MATERIA
Término de materia o nombre geográfico como elemento de entrada 1.Micología 2.Hongos - Genética Ì
9 (RLIN) 185109
901 ## - ELEMENTOS DE DATOS A LOCAL LDA (RLIN)
a PA 632.3 D84 2015
902 ## - ELEMENTOS DE DATOS B LOCAL, LDB (RLIN)
a M
905 ## - ELEMENTOS DE DATOS E LOCAL, LDE (RLIN)
a 5232202015 -usa 8000000300spa06
942 ## - ELEMENTOS DE PUNTO DE ACCESO ADICIONAL (KOHA)
Tipo de ítem Koha Libro_
Holdings
Estado de retiro Estado de pérdida Fuente del sistema de clasificación o colocación Estado dañado Restricciones de uso No para préstamo Código de colección Localización permanente Ubicación/localización actual Fecha de adquisición Número de inventario Total de préstamos Renovaciones totales Signatura topográfica completa Código de barras Fecha visto por última vez Fecha del último préstamo Número de copia Precio válido a partir de Tipo de ítem Koha Nota pública
    Dewey Decimal Classification   Préstamo 3 días   General Parasitologia Agricola Parasitologia Agricola 29/08/2019 (PA_010742) (No. UACh C/E) 2 1 PA 632.3 D84 2015 4102001927 13/02/2026 11/02/2026 Ej.3 02/06/2022 Libro 3
    Dewey Decimal Classification   Préstamo interno   General Parasitologia Agricola Parasitologia Agricola 27/08/2019 (PA_010740) (No. UACh C/E)     PA 632.3 D84 2015 4102001925 02/06/2022   Ej.1 02/06/2022 Libro 2
    Dewey Decimal Classification   Préstamo 3 días   General Parasitologia Agricola Parasitologia Agricola 29/08/2019 (PA_010741) (No. UACh C/E) 2 1 PA 632.3 D84 2015 4102001926 16/02/2026 11/02/2026 Ej.2 02/06/2022 Libro 3